000 00856nam a2200241 i 4500
001 98516
003 ES-MaACL
005 20240225063054.0
007 t|
008 050929s1909 sp ||||1| spa d
080 _a355.352(44)
080 _a908(65)
100 0 _aPita Espelosín, Federico,
_d1874-1944
_992397
245 1 3 _aLa Argelia francesa /
_cpor Federico Pita Espelosín.
260 _aBarcelona :
_bB. Bauza,
_c1909.
300 _a170 p. ;
_c23 cm.
490 1 _aPublicaciones de la Revista Científico-Militar y Biblioteca Militar
650 1 4 _aFuerzas armadas coloniales-
_zFrancia.
_913006
651 4 _aArgelia-
_xDescripción.
_97800
830 0 _aPublicaciones de la Revista Científico-Militar y Biblioteca Militar
_9183232
852 _aES-MaACL
_jG-9136(1)
_q. - Encuadernado con otra obra
999 _c98516
_d98516